[Event "DEM U10w 2024"]
[Site "Willingen GER"]
[Date "2024.05.20"]
[Round "4"]
[White "Pygoch, Lene"]
[Black "Wolf, Aurelia"]
[Result "0-1"]
[Termination "normal"]
[Board "16"]
[WhiteElo "917"]
[BlackElo "1498"]
[WhiteClock "01:20:37"]
[BlackClock "00:52:06"]
[PlyCount "104"]
[WhiteFideId "533016496"]
[BlackFideId "34671048"]
[EventCountry "GER"]
[EventRounds "11"]
[EventType "swiss"]
[EventDate "2024.05.18"]

1. e4 {[%clk 01:15:30]} e5 {[%clk 01:15:56]} {[%emt 05:29:48]} 2. Nf3 {[%clk
01:16:21]} Nc6 {[%clk 01:16:17]} {[%emt 00:00:14]} 3. Bc4 {[%clk 01:16:44]} Nf6
{[%clk 01:16:37]} {[%emt 00:00:17]} 4. Ng5 {[%emt 00:00:16]} d5 {[%clk
01:16:56]} {[%emt 00:00:07]} 5. exd5 {[%clk 01:17:16]} {[%emt 00:00:14]} Na5
{[%clk 01:17:19]} {[%emt 00:00:09]} 6. Bd3 {[%clk 01:16:47]} {[%emt 00:00:59]}
h6 {[%clk 01:17:18]} {[%emt 00:00:31]} 7. Nf3 {[%clk 01:17:01]} {[%emt
00:00:17]} e4 {[%clk 01:16:49]} {[%emt 00:00:59]} 8. b4 {[%clk 01:16:12]}
{[%emt 00:01:19]} Bxb4 {[%clk 01:16:52]} {[%emt 00:00:27]} 9. c3 {[%clk
01:16:28]} {[%emt 00:00:13]} exd3 {[%clk 01:15:25]} {[%emt 00:01:57]} 10. cxb4
{[%clk 01:16:45]} {[%emt 00:00:12]} Nc4 {[%clk 01:14:51]} {[%emt 00:01:05]} 11.
Qa4+ {[%clk 01:16:40]} {[%emt 00:00:34]} Bd7 {[%clk 01:14:46]} {[%emt
00:00:35]} 12. Qb3 {[%clk 01:16:57]} {[%emt 00:00:14]} Nb6 {[%clk 01:14:04]}
{[%emt 00:01:13]} 13. Qxd3 {[%clk 01:16:20]} {[%emt 00:01:05]} Nbxd5 {[%clk
01:08:44]} {[%emt 00:05:52]} 14. Qe2+ {[%clk 01:16:20]} {[%emt 00:00:30]} Qe7
{[%clk 01:05:58]} {[%emt 00:03:16]} 15. Qxe7+ {[%clk 01:16:14]} {[%emt
00:00:33]} Nxe7 {[%clk 01:06:01]} {[%emt 00:00:29]} 16. O-O {[%clk 01:15:33]}
{[%emt 00:01:11]} O-O {[%clk 01:05:49]} {[%emt 00:00:43]} 17. Re1 {[%clk
01:15:47]} {[%emt 00:00:15]} Ned5 {[%clk 01:05:58]} {[%emt 00:00:21]} 18. b5
{[%clk 01:15:59]} {[%emt 00:00:18]} Bxb5 {[%clk 01:05:22]} {[%emt 00:01:06]}
19. Ba3 {[%clk 01:15:38]} {[%emt 00:00:52]} Rfe8 {[%clk 01:04:56]} {[%emt
00:00:56]} 20. Rxe8+ {[%clk 01:15:38]} {[%emt 00:00:28]} Rxe8 {[%clk 01:05:17]}
{[%emt 00:00:10]} 21. Nc3 {[%clk 01:15:41]} {[%emt 00:00:27]} Nxc3 {[%clk
01:05:14]} {[%emt 00:00:33]} 22. dxc3 {[%clk 01:15:57]} {[%emt 00:00:12]} Ne4
{[%clk 01:04:19]} {[%emt 00:01:27]} 23. Rc1 {[%clk 01:16:08]} {[%emt 00:00:19]}
Rd8 {[%clk 01:02:16]} {[%emt 00:02:33]} 24. h4 {[%clk 01:16:15]} {[%emt
00:00:22]} g5 {[%clk 00:57:26]} {[%emt 00:05:22]} 25. c4 {[%emt 00:02:03]} Bc6
{[%clk 00:55:51]} {[%emt 00:00:04]} 26. Be7 {[%clk 01:16:27]} {[%emt 00:00:45]}
Rd7 {[%clk 00:54:37]} {[%emt 00:01:35]} 27. Bb4 {[%clk 01:16:28]} {[%emt
00:00:38]} gxh4 {[%clk 00:54:33]} {[%emt 00:00:35]} 28. Nxh4 {[%clk 01:16:31]}
{[%emt 00:00:26]} Nd6 {[%clk 00:48:19]} {[%emt 00:06:43]} 29. c5 {[%clk
01:16:38]} {[%emt 00:00:24]} Nb5 {[%clk 00:47:30]} {[%emt 00:01:19]} 30. a4
{[%clk 01:16:42]} {[%emt 00:00:27]} Nd4 {[%clk 00:47:39]} {[%emt 00:00:15]} 31.
Bc3 {[%clk 01:16:54]} {[%emt 00:00:22]} Ne2+ {[%clk 00:47:44]} {[%emt
00:00:40]} 32. Kf1 {[%clk 01:16:54]} {[%emt 00:00:30]} Nxc1 {[%clk 00:48:04]}
{[%emt 00:00:10]} 33. Nf5 {[%clk 01:17:06]} {[%emt 00:00:18]} Rd1+ {[%clk
00:47:59]} {[%emt 00:00:35]} 34. Be1 {[%clk 01:17:20]} {[%emt 00:00:15]} Bxg2+
{[%clk 00:47:47]} {[%emt 00:00:44]} 35. Kxg2 {[%clk 01:17:36]} {[%emt
00:00:13]} Rxe1 {[%clk 00:48:09]} {[%emt 00:00:09]} 36. Nxh6+ {[%clk 01:17:27]}
{[%emt 00:00:35]} Kh7 {[%clk 00:48:21]} {[%emt 00:00:20]} 37. Nxf7 {[%clk
01:17:45]} {[%emt 00:00:13]} Kg7 {[%clk 00:48:17]} {[%emt 00:00:34]} 38. Nd8
{[%clk 01:17:59]} {[%emt 00:00:17]} b6 {[%clk 00:48:03]} {[%emt 00:00:45]} 39.
cxb6 {[%clk 01:18:08]} {[%emt 00:00:19]} cxb6 {[%clk 00:48:14]} {[%emt
00:00:20]} 40. Nc6 {[%clk 01:18:22]} {[%emt 00:00:16]} a6 {[%clk 00:48:13]}
{[%emt 00:00:31]} 41. f4 {[%clk 01:18:38]} {[%emt 00:00:12]} Nd3 {[%clk
00:48:00]} {[%emt 00:00:43]} 42. f5 {[%clk 01:18:34]} {[%emt 00:00:34]} Kf6
{[%clk 00:48:01]} {[%emt 00:00:30]} 43. Nd4 {[%clk 01:18:44]} {[%emt 00:00:18]}
Re4 {[%clk 00:48:19]} {[%emt 00:00:15]} 44. Nc6 {[%clk 01:18:46]} {[%emt
00:00:28]} Kxf5 {[%clk 00:48:36]} {[%emt 00:00:13]} 45. a5 {[%clk 01:18:54]}
{[%emt 00:00:22]} b5 {[%clk 00:48:46]} {[%emt 00:00:16]} 46. Kf3 {[%clk
01:19:10]} {[%emt 00:00:17]} b4 {[%clk 00:48:56]} {[%emt 00:00:20]} 47. Nb8
{[%clk 01:18:47]} {[%emt 00:00:52]} Re6 {[%clk 00:49:02]} {[%emt 00:00:20]} 48.
Nd7 {[%clk 01:18:57]} {[%emt 00:00:26]} b3 {[%clk 00:49:07]} {[%emt 00:00:25]}
49. Kg3 {[%clk 01:19:36]} {[%emt 00:01:47]} b2 {[%clk 00:51:26]} {[%emt
00:00:10]} 50. Kf3 {[%clk 01:19:53]} {[%emt 00:00:11]} b1=Q {[%clk 00:51:38]}
{[%emt 00:00:20]} 51. Kg3 {[%clk 01:20:13]} {[%emt 00:00:09]} Qg1+ {[%clk
00:51:46]} {[%emt 00:00:20]} 52. Kf3 {[%clk 01:20:37]} {[%emt 00:00:08]} Qg4#
{[%clk 00:52:06]} {[%emt 00:00:10]} 0-1

[Event "DEM U10w 2024"]
[Site "Willingen GER"]
[Date "2024.05.20"]
[Round "4"]
[White "Seyedfakhari, Elena"]
[Black "Jänsch, Layla"]
[Result "1/2-1/2"]
[Termination "normal"]
[Board "17"]
[WhiteElo "1060"]
[BlackElo "962"]
[WhiteClock "01:05:55"]
[BlackClock "00:34:38"]
[PlyCount "78"]
[WhiteFideId "34639888"]
[EventCountry "GER"]
[EventRounds "11"]
[EventType "swiss"]
[EventDate "2024.05.18"]

1. e4 {[%clk 01:15:59]} {[%emt 04:05:47]} e5 {[%clk 01:15:49]} {[%emt
00:00:09]} 2. Nf3 {[%clk 01:16:21]} {[%emt 00:00:08]} Nc6 {[%clk 01:15:57]}
{[%emt 00:00:22]} 3. Nc3 {[%clk 01:16:39]} {[%emt 00:00:12]} Bc5 {[%clk
01:15:18]} {[%emt 00:01:09]} 4. Nxe5 {[%clk 01:16:47]} {[%emt 00:00:22]} Nxe5
{[%clk 01:13:08]} {[%emt 00:02:40]} 5. d4 {[%clk 01:17:02]} {[%emt 00:00:14]}
Bd6 {[%clk 01:11:15]} {[%emt 00:02:21]} 6. dxe5 {[%clk 01:17:14]} {[%emt
00:00:19]} Bxe5 {[%clk 01:11:22]} {[%emt 00:00:25]} 7. Bc4 {[%clk 01:17:19]}
{[%emt 00:00:23]} Nf6 {[%clk 01:11:03]} {[%emt 00:00:50]} 8. Bg5 {[%clk
01:17:17]} {[%emt 00:00:29]} h6 {[%clk 01:09:31]} {[%emt 00:02:06]} 9. Bh4
{[%clk 01:17:31]} {[%emt 00:00:16]} d6 {[%clk 01:07:37]} {[%emt 00:02:25]} 10.
h3 {[%clk 01:17:38]} {[%emt 00:00:22]} Be6 {[%clk 01:05:15]} {[%emt 00:02:48]}
11. Bb3 {[%clk 01:17:57]} {[%emt 00:00:14]} Bxb3 {[%clk 01:04:39]} {[%emt
00:01:08]} 12. axb3 {[%clk 01:18:04]} {[%emt 00:00:21]} O-O {[%clk 01:04:35]}
{[%emt 00:00:34]} 13. O-O {[%clk 01:18:15]} {[%emt 00:00:20]} Qd7 {[%clk
01:03:17]} {[%emt 00:01:11]} 14. Qd3 {[%emt 00:02:46]} c5 {[%clk 01:02:37]} 15.
Rad1 {[%clk 01:16:58]} {[%emt 00:01:16]} Rad8 {[%clk 01:01:37]} {[%emt
00:01:21]} 16. Nd5 {[%clk 01:16:52]} {[%emt 00:00:44]} Qe6 {[%clk 00:59:16]}
{[%emt 00:02:52]} 17. Nxf6+ {[%clk 01:16:19]} {[%emt 00:01:04]} Bxf6 {[%clk
00:57:41]} {[%emt 00:02:06]} 18. Bg3 {[%clk 01:15:32]} {[%emt 00:01:16]} Be5
{[%clk 00:56:36]} {[%emt 00:01:19]} 19. Bxe5 {[%clk 01:15:39]} {[%emt
00:00:40]} Qxe5 {[%clk 00:56:14]} {[%emt 00:00:53]} 20. c3 {[%clk 01:14:25]}
{[%emt 00:01:44]} Rfe8 {[%clk 00:55:19]} {[%emt 00:01:24]} 21. Rfe1 {[%clk
01:13:54]} {[%emt 00:01:00]} a6 {[%clk 00:53:39]} {[%emt 00:02:11]} 22. Qe3
{[%clk 01:13:35]} {[%emt 00:00:46]} b5 {[%clk 00:53:01]} {[%emt 00:01:12]} 23.
f4 {[%clk 01:13:41]} {[%emt 00:00:22]} Qe6 {[%clk 00:52:05]} {[%emt 00:01:25]}
24. b4 {[%clk 01:13:39]} {[%emt 00:00:34]} cxb4 {[%clk 00:51:59]} {[%emt
00:00:37]} 25. cxb4 {[%clk 01:13:58]} {[%emt 00:00:11]} f5 {[%clk 00:50:04]}
{[%emt 00:02:24]} 26. Rd4 {[%clk 01:13:10]} {[%emt 00:01:15]} d5 {[%clk
00:48:02]} {[%emt 00:02:36]} 27. Qg3 {[%clk 01:11:32]} {[%emt 00:01:58]} fxe4
{[%clk 00:46:23]} {[%emt 00:02:18]} 28. Re3 {[%clk 01:10:41]} {[%emt 00:01:16]}
Qc6 {[%clk 00:44:56]} {[%emt 00:01:32]} 29. Rc3 {[%clk 01:10:19]} {[%emt
00:01:16]} Qb6 {[%clk 00:44:35]} {[%emt 00:00:46]} 30. Rc5 {[%clk 01:08:51]}
{[%emt 00:02:02]} a5 {[%clk 00:44:44]} {[%emt 00:00:29]} 31. Qe3 {[%clk
01:08:05]} {[%emt 00:01:05]} axb4 {[%clk 00:44:29]} {[%emt 00:00:56]} 32. Rc2
{[%clk 01:07:56]} {[%emt 00:00:26]} b3 {[%clk 00:44:31]} {[%emt 00:00:41]} 33.
Re2 {[%clk 01:07:51]} {[%emt 00:00:22]} b4 {[%clk 00:42:55]} {[%emt 00:02:18]}
34. Red2 {[%clk 01:07:35]} {[%emt 00:00:39]} Qc5 {[%clk 00:42:35]} {[%emt
00:00:50]} 35. Qxb3 {[%clk 01:07:10]} {[%emt 00:01:02]} Kh7 {[%clk 00:38:37]}
{[%emt 00:04:28]} 36. Kh2 {[%clk 01:07:21]} {[%emt 00:00:18]} Qc7 {[%clk
00:37:31]} {[%emt 00:01:31]} 37. Qg3 {[%clk 01:06:47]} {[%emt 00:01:02]} Rf8
{[%clk 00:36:47]} {[%emt 00:01:21]} 38. Rxd5 {[%clk 01:05:41]} {[%emt
00:01:37]} Rxd5 {[%clk 00:34:30]} {[%emt 00:02:48]} 39. Rxd5 {[%clk 01:05:55]}
{[%emt 00:00:16]} Qxf4 {[%clk 00:34:38]} {[%emt 00:00:22]} 1/2-1/2

[Event "DEM U10w 2024"]
[Site "Willingen GER"]
[Date "2024.05.20"]
[Round "4"]
[White "Subocz, Emma"]
[Black "Seitov, Adela"]
[Result "0-1"]
[Termination "normal"]
[Board "18"]
[WhiteElo "1028"]
[BlackElo "923"]
[WhiteClock "01:17:09"]
[BlackClock "01:17:57"]
[PlyCount "86"]
[WhiteFideId "41805666"]
[BlackFideId "34675140"]
[EventCountry "GER"]
[EventRounds "11"]
[EventType "swiss"]
[EventDate "2024.05.18"]

1. e4 {[%clk 01:15:59]} e5 {[%clk 01:15:54]} {[%emt 00:00:06]} 2. Nf3 {[%clk
01:16:24]} {[%emt 00:00:06]} Nc6 {[%clk 01:16:19]} {[%emt 00:00:05]} 3. d4
{[%clk 01:16:46]} {[%emt 00:00:07]} exd4 {[%clk 01:16:42]} {[%emt 00:00:08]} 4.
Bc4 {[%clk 01:17:11]} {[%emt 00:00:05]} Nf6 {[%clk 01:17:01]} {[%emt 00:00:12]}
5. Nxd4 {[%clk 01:16:38]} {[%emt 00:01:02]} Nxd4 {[%clk 01:17:15]} {[%emt
00:00:16]} 6. Qxd4 {[%clk 01:17:00]} {[%emt 00:00:08]} Bd6 {[%clk 01:15:51]}
{[%emt 00:01:54]} 7. e5 {[%clk 01:17:03]} {[%emt 00:00:27]} c5 {[%clk
01:16:12]} {[%emt 00:00:09]} 8. Qc3 {[%clk 01:16:17]} {[%emt 00:01:16]} Ne4
{[%clk 01:15:50]} {[%emt 00:00:52]} 9. Qe3 {[%clk 01:16:28]} {[%emt 00:00:16]}
Qa5+ {[%clk 01:15:52]} {[%emt 00:00:31]} 10. c3 {[%clk 01:16:27]} {[%emt
00:00:31]} Bxe5 {[%clk 01:15:31]} {[%emt 00:00:50]} 11. Qxe4 {[%clk 01:16:37]}
{[%emt 00:00:20]} d6 {[%clk 01:15:40]} {[%emt 00:00:21]} 12. f4 {[%clk
01:16:47]} {[%emt 00:00:20]} O-O {[%clk 01:15:35]} {[%emt 00:00:35]} 13. fxe5
{[%clk 01:17:07]} {[%emt 00:00:11]} dxe5 {[%clk 01:15:44]} {[%emt 00:00:21]}
14. Qxe5 {[%clk 01:17:24]} {[%emt 00:00:12]} Bh3 {[%clk 01:15:38]} {[%emt
00:00:36]} 15. gxh3 {[%clk 01:17:38]} {[%emt 00:00:16]} Rfe8 {[%clk 01:15:53]}
{[%emt 00:00:16]} 16. Qxe8+ {[%clk 01:17:27]} {[%emt 00:00:40]} Rxe8+ {[%emt
00:00:27]} 17. Kd2 {[%emt 00:00:20]} b5 {[%clk 01:14:52]} {[%emt 00:00:45]} 18.
Re1 {[%clk 01:17:02]} {[%emt 00:00:55]} Qd8+ {[%clk 01:14:46]} {[%emt
00:00:35]} 19. Bd3 {[%clk 01:16:40]} {[%emt 00:00:53]} Rxe1 {[%clk 01:14:46]}
{[%emt 00:00:29]} 20. Kxe1 {[%clk 01:17:06]} {[%emt 00:00:04]} Qxd3 {[%clk
01:14:48]} {[%emt 00:00:28]} 21. Bf4 {[%clk 01:16:29]} {[%emt 00:01:08]} Qe4+
{[%clk 01:14:54]} {[%emt 00:00:23]} 22. Kd1 {[%clk 01:16:34]} {[%emt 00:00:26]}
Qxf4 {[%clk 01:15:06]} {[%emt 00:00:19]} 23. Kc2 {[%clk 01:16:26]} {[%emt
00:00:37]} Qe4+ {[%clk 01:14:47]} {[%emt 00:00:48]} 24. Kc1 {[%clk 01:16:46]}
{[%emt 00:00:11]} f5 {[%clk 01:14:35]} {[%emt 00:00:41]} 25. Kd1 {[%clk
01:16:41]} {[%emt 00:00:34]} f4 {[%clk 01:14:51]} {[%emt 00:00:15]} 26. Nd2
{[%clk 01:17:05]} {[%emt 00:00:07]} Qh1+ {[%clk 01:15:09]} {[%emt 00:00:11]}
27. Kc2 {[%clk 01:16:50]} {[%emt 00:00:46]} Qxa1 {[%clk 01:15:29]} {[%emt
00:00:10]} 28. a3 {[%clk 01:15:54]} {[%emt 00:01:27]} Qg1 {[%clk 01:15:28]}
{[%emt 00:00:30]} 29. b4 {[%clk 01:14:57]} {[%emt 00:01:28]} cxb4 {[%clk
01:15:11]} {[%emt 00:00:46]} 30. axb4 {[%clk 01:14:09]} {[%emt 00:00:26]} Qg2
{[%clk 01:15:11]} {[%emt 00:01:10]} 31. Kd3 {[%clk 01:14:17]} {[%emt 00:00:29]}
f3 {[%clk 01:14:57]} {[%emt 00:00:43]} 32. Ke3 {[%clk 01:14:28]} {[%emt
00:00:19]} Qe2+ {[%clk 01:15:06]} {[%emt 00:00:22]} 33. Kf4 {[%clk 01:14:38]}
{[%emt 00:00:19]} Qxd2+ {[%clk 01:15:22]} {[%emt 00:00:14]} 34. Kxf3 {[%clk
01:14:48]} {[%emt 00:00:20]} Qxc3+ {[%clk 01:15:39]} {[%emt 00:00:13]} 35. Kg4
{[%clk 01:15:10]} {[%emt 00:00:09]} Qxb4+ {[%clk 01:15:59]} {[%emt 00:00:10]}
36. Kg3 {[%clk 01:15:33]} {[%emt 00:00:07]} a5 {[%clk 01:16:02]} {[%emt
00:00:26]} 37. Kf3 {[%clk 01:15:35]} {[%emt 00:00:28]} a4 {[%clk 01:16:16]}
{[%emt 00:00:17]} 38. Ke2 {[%clk 01:15:52]} {[%emt 00:00:12]} a3 {[%clk
01:16:37]} {[%emt 00:00:09]} 39. Ke3 {[%clk 01:16:17]} {[%emt 00:00:06]} a2
{[%clk 01:17:01]} {[%emt 00:00:05]} 40. Kf3 {[%clk 01:16:38]} {[%emt 00:00:08]}
a1=Q {[%clk 01:17:23]} {[%emt 00:00:10]} 41. Kg3 {[%clk 01:17:02]} {[%emt
00:00:06]} Qac3+ {[%clk 01:17:38]} {[%emt 00:00:13]} 42. Kf2 {[%clk 01:17:05]}
{[%emt 00:00:28]} Qbb2+ {[%clk 01:18:02]} {[%emt 00:00:07]} 43. Kf1 {[%clk
01:17:09]} {[%emt 00:00:26]} Qcc1# {[%clk 01:17:57]} {[%emt 00:00:05]} 0-1

[Event "DEM U10w 2024"]
[Site "Willingen GER"]
[Date "2024.05.20"]
[Round "4"]
[White "Hirtzel, Hanna Meiki"]
[Black "Sriram, Yashasri"]
[Result "1/2-1/2"]
[Termination "normal"]
[Board "19"]
[WhiteElo "942"]
[BlackElo "1576"]
[WhiteClock "00:54:29"]
[BlackClock "00:47:18"]
[PlyCount "86"]
[BlackFideId "34656243"]
[EventCountry "GER"]
[EventRounds "11"]
[EventType "swiss"]
[EventDate "2024.05.18"]

1. d4 {[%clk 01:15:57]} {[%emt 00:00:04]} Nf6 {[%clk 01:14:43]} {[%emt
00:01:16]} 2. Nf3 {[%clk 01:16:18]} {[%emt 00:00:09]} e6 {[%clk 01:15:01]}
{[%emt 00:00:13]} 3. Bf4 {[%clk 01:16:38]} {[%emt 00:00:09]} b6 {[%clk
01:15:14]} {[%emt 00:00:17]} 4. e3 {[%clk 01:16:59]} {[%emt 00:00:09]} Bb7
{[%clk 01:15:22]} {[%emt 00:00:22]} 5. Bd3 {[%clk 01:17:14]} {[%emt 00:00:14]}
Be7 {[%clk 01:15:35]} {[%emt 00:00:18]} 6. O-O {[%clk 01:17:26]} {[%emt
00:00:18]} O-O {[%clk 01:15:52]} {[%emt 00:00:14]} 7. c4 {[%clk 01:17:46]}
{[%emt 00:00:10]} d6 {[%clk 01:16:00]} {[%emt 00:00:21]} 8. Nc3 {[%clk
01:17:49]} {[%emt 00:00:27]} Nbd7 {[%clk 01:15:08]} {[%emt 00:01:22]} 9. Ng5
{[%clk 01:14:41]} {[%emt 00:03:37]} h6 {[%clk 01:09:12]} {[%emt 00:06:27]} 10.
Nge4 {[%clk 01:13:06]} {[%emt 00:02:05]} Nxe4 {[%clk 01:02:39]} {[%emt
00:07:03]} 11. Nxe4 {[%clk 01:13:18]} {[%emt 00:00:17]} Nf6 {[%clk 00:59:00]}
{[%emt 00:04:10]} 12. Nxf6+ {[%clk 01:09:48]} {[%emt 00:04:00]} Bxf6 {[%clk
00:58:28]} {[%emt 00:01:01]} 13. Qg4 {[%clk 01:09:28]} {[%emt 00:00:47]} Bg5
{[%clk 00:57:43]} {[%emt 00:01:19]} 14. Bxg5 {[%clk 01:06:14]} {[%emt
00:03:43]} Qxg5 {[%clk 00:58:04]} {[%emt 00:00:10]} 15. Qxg5 {[%clk 01:06:20]}
{[%emt 00:00:24]} hxg5 {[%clk 00:58:27]} 16. f4 {[%clk 01:06:23]} {[%emt
00:00:34]} gxf4 {[%clk 00:58:22]} {[%emt 00:00:36]} 17. Rxf4 {[%clk 01:06:28]}
{[%emt 00:00:25]} f5 {[%clk 00:58:39]} {[%emt 00:00:12]} 18. Raf1 {[%clk
01:05:56]} {[%emt 00:00:58]} g5 {[%clk 00:58:41]} {[%emt 00:00:31]} 19. R4f2
{[%clk 01:05:54]} {[%emt 00:00:32]} Rf7 {[%clk 00:58:21]} {[%emt 00:00:52]} 20.
g4 {[%clk 01:05:49]} {[%emt 00:00:35]} Raf8 {[%clk 00:55:45]} {[%emt 00:03:05]}
21. gxf5 {[%clk 01:05:32]} {[%emt 00:00:46]} exf5 {[%clk 00:55:40]} {[%emt
00:00:35]} 22. Bxf5 {[%clk 01:04:39]} {[%emt 00:01:24]} Re7 {[%clk 00:55:33]}
{[%emt 00:00:37]} 23. Bg4 {[%clk 01:03:55]} {[%emt 00:01:09]} Rxf2 {[%clk
00:55:11]} {[%emt 00:00:56]} 24. Rxf2 {[%clk 01:04:09]} {[%emt 00:00:17]} Rxe3
{[%clk 00:55:06]} {[%emt 00:00:35]} 25. Bf5 {[%clk 01:00:55]} {[%emt 00:03:40]}
Re1+ {[%clk 00:53:55]} {[%emt 00:01:46]} 26. Rf1 {[%clk 01:01:05]} {[%emt
00:00:18]} Rxf1+ {[%clk 00:52:41]} {[%emt 00:01:44]} 27. Kxf1 {[%clk 01:01:25]}
{[%emt 00:00:10]} Kf7 {[%clk 00:52:45]} {[%emt 00:00:26]} 28. Kf2 {[%clk
01:00:43]} {[%emt 00:01:10]} Kf6 {[%clk 00:52:35]} {[%emt 00:00:44]} 29. Bd3
{[%clk 01:00:48]} {[%emt 00:00:22]} d5 {[%clk 00:52:35]} {[%emt 00:00:32]} 30.
c5 {[%clk 01:00:23]} {[%emt 00:00:56]} c6 {[%clk 00:51:37]} {[%emt 00:01:27]}
31. b4 {[%clk 00:59:25]} {[%emt 00:01:28]} b5 {[%clk 00:51:20]} {[%emt
00:00:47]} 32. Kf3 {[%clk 00:58:53]} {[%emt 00:01:00]} a6 {[%clk 00:51:00]}
{[%emt 00:00:53]} 33. Kg4 {[%clk 00:58:05]} {[%emt 00:01:17]} Bc8+ {[%clk
00:46:42]} {[%emt 00:04:49]} 34. Kh5 {[%clk 00:57:20]} {[%emt 00:01:12]} Bf5
{[%clk 00:46:33]} {[%emt 00:00:41]} 35. Bxf5 {[%clk 00:57:25]} {[%emt
00:00:23]} Kxf5 {[%clk 00:46:45]} {[%emt 00:00:19]} 36. h3 {[%clk 00:56:31]}
{[%emt 00:01:23]} Kf4 {[%clk 00:47:01]} {[%emt 00:00:16]} 37. a3 {[%clk
00:56:28]} {[%emt 00:00:33]} Kf5 {[%clk 00:47:06]} {[%emt 00:00:24]} 38. Kh6
{[%clk 00:56:04]} {[%emt 00:00:54]} Kf6 {[%clk 00:45:57]} {[%emt 00:01:40]} 39.
Kh5 {[%clk 00:56:21]} {[%emt 00:00:12]} Kf5 {[%clk 00:46:13]} {[%emt 00:00:15]}
40. Kh6 {[%clk 00:56:31]} {[%emt 00:00:15]} Kf6 {[%clk 00:46:37]} {[%emt
00:00:11]} 41. Kh5 {[%clk 00:54:34]} {[%emt 00:02:27]} Kf5 {[%clk 00:46:41]}
{[%emt 00:00:26]} 42. Kh6 {[%clk 00:54:45]} {[%emt 00:00:19]} Kf6 {[%clk
00:46:56]} {[%emt 00:00:14]} 43. Kh5 {[%clk 00:54:29]} {[%emt 00:00:47]} Kf5
{[%clk 00:47:18]} {[%emt 00:00:08]} 1/2-1/2